000 01060nam a22002297a 4500
005 20250827163437.0
008 240903b ||||| |||| 00| 0 eng d
082 _aDPer 796.07 J826 July-October 2019 January-April 2020 v. 38, 39 n. 3-4, 1-2
100 _aMarttinen, Risto.
_eauthor.
_959936
245 _aWearable digital technology in PE :
_badvantages barriers, and teachers' ideologies /
_cRisto Marttinen, Dillon Landi, Ray N. Fredrick lll, and Stephen Silverman.
260 _aChampaign, Illinois ;
_bHuman Kinetics, Inc. ,
_cApril 2020.
300 _aVolume 39, pages 227-235 :
_billustration ;
_c28 cm.
500 _aJournal of Teaching in Physical Education, vol. 39, no. 2, pages 227-235, April 2020.
650 0 _aBarriers.
_965442
650 0 _aInfluence of technology.
_967109
650 0 _aProgram implementation.
_967110
700 _aMarttinen, Risto.
_eauthor.
_959936
700 _aLandi, Dillon.
_eauthor.
_959937
700 _aFredrick lll, Ray N.
_eauthor.
_959938
700 _aSilverman, Stephen.
_eauthor.
_959939
942 _2ddc
_cPER
999 _c21227
_d21227